| 000 | 01179cam a2200217 4500 | ||
|---|---|---|---|
| 001 | WB3924-13 | ||
| 008 | 030626n2003 000 0 eng u | ||
| 035 | _a(Sirsi) u122765 | ||
| 245 | _aGood design for housing market renewal | ||
| 260 | _c2003 | ||
| 490 |
_aHousing Today _v(338) 20 June 2003, 8(1) |
||
| 520 | _aFive key agencies - Commission for Architecture and the Built Environment (CABE), Commission for Integrated Transport, Environment Agency and Sustainable Development Commission - have made a joint statement setting what strategies make housing market renewal a success. These include enhancing historic buildings, valuing older urban areas and their networks, using good design, sustainable development and energy-efficient homes and benchmarking for quality. Copies of "Building sustainable communites: actions for housing market renewal" is available on the CABE website, http://www.cabe.org.uk, under Publications. | ||
| 590 | _aWB | ||
| 650 | _aHOUSING MARKET RENEWAL | ||
| 650 | _aURBAN REGENERATION | ||
| 650 | _aREGENERATION SCHEMES | ||
| 650 | _aREGENERATION AGENCIES | ||
| 650 | _aGOVERNMENT POLICY | ||
| 690 | _aREGENERATION | ||
| 942 | _n0 | ||
| 999 |
_c72940 _d72940 |
||